=LDR 00000nam 2200000 4500 =001 INLIS000000000010172 =005 20130612101902 =008 ***********************************Ind** =035 ##$$0010-061300000010172 =041 ##$$a Ind =082 ##$$a 340 =090 ##$$a 340, Put t =100 ##$$a Putra, Anom Surya =245 ##$$a Teori hukum kritis, struktur ilmu san riset teks, Anom Surya Puka =260 ##$$a 2003 $b Bandung =300 ##$$a xxiv, 160 hlm, 21 cm =650 ##$$a Hukum =850 ##$$a NBPNMAT